| 000 | 00424nam a22001337a 4500 | ||
|---|---|---|---|
| 999 |
_c8460 _d8460 |
||
| 008 | 200219b ||||| |||| 00| 0 eng d | ||
| 020 | _a9788177584240 | ||
| 050 | _b1 | ||
| 082 | _a510 GRD | ||
| 100 |
_aGRIMALDI, RALPH P. & RAMANA, B. V. _p1026 pages |
||
| 245 |
_aDiscrete and Combinatorial Mathematics _bAn Applied Introduction _hEnglish _s2018 |
||
| 250 |
_a5th _b14th Impression, 2018 |
||
| 260 |
_aNew Delhi _bPearson Education |
||